000 01330cam a2200409 a 4500
001 ocn820148250
003 OCoLC
005 20200320191017.0
008 121123s2013 nyuab c 001 0 eng d
016 7 _a016246632
_2Uk
019 _a802320242
020 _a9780545495615 (pbk.)
020 _a054549561X (pbk.)
035 _a(OCoLC)820148250
_z(OCoLC)802320242
040 _aTOH
_cTOH
_dBTCTA
_dBDX
_dUKMGB
_dFOLLT
_dWACOL
049 _aWACL
082 0 4 _a597.3
_223
092 _a597.3
_bBur
100 1 _aBurnie, David.
_928929
245 1 0 _aSharks /
_cby David Burnie.
250 _a1st ed.
260 _aNew York :
_bScholastic,
_c2013.
300 _a80 p. :
_bcol. ill., col. maps ;
_c26 cm.
490 1 _aScholastic discover more
500 _aIncludes access to a digital companion book.
500 _aIncludes index.
521 _ajunior nonfiction
_bmicromarketing
650 0 _aSharks
_vJuvenile literature.
_95693172
650 1 _aSharks.
_95878528
830 0 _aScholastic discover more.
_95696587
938 _aBaker and Taylor
_bBTCP
_nBK0011796304
938 _aBrodart
_bBROD
_n103894098
942 _cBOOK
_043
948 _a04/05/2013
_zSirsi
994 _a02
_bWACOL
996 _a96707
_b34301001104480
_cJNF
_dbk
_ewcl
_fo
_g43
_h12.99
_lmicromarketing
_m597.3 Bur
_p04/05/2013
_q02/11/2020
_r02/13/2020
999 _c280391
_d280391